00396 a2200121 4500001000900000005001700009008004100026245007500067100002600142700003000168773005900198999001700257ART_674120260410161826.0260409a 10aReconocimiento del Resultado Global en los Estados Contables Básicos1 aMaestromey, Marcelina1 aCasal, María del Carmen0 tFACESg- Año 15, Nº 32/33 (ene./dic. 2009)wREV5046 c22828d22828